00214nam a2200097 a 4500008004100000050001600041100002000057245002100077260000900098350000900107120416s1967 xx |||||||||||||| || u aNA 9050 Bac aBacon, Edmund N10aDesign of cities c1967 a0.00